000 00738nam a22001937a 4500
003 OSt
005 20250219161937.0
008 240916b ||||| |||| 00| 0 eng d
040 _c0
082 _aDPer 372.05 EL269 2021 v. 122 n. 1-4
100 _aGrinshatain, Yael.
_eauthor.
_961192
245 _aWhose homework is it? :
_bdifferent types of parent's dependent help-giving in homework /
_cYael Grinshatain.
260 _aUSA ;
_bUnivirsity of Chicago Press,
_cDecember 2021.
300 _avolume 122, pages 233-256,
_billustration.
500 _aThe Elementary School Journal, v. 122, n. 2, pages 233-256, December 2021
700 _aGrinshatain, Yael.
_eauthor.
_961192
700 _aHarpaz, Gail.
_eauthor.
_961193
942 _2ddc
_cPER
999 _c21694
_d21694